Φορτώνει......

JEEVITHATHINTE PUSTHAKAM (MALAYALAM)

Λεπτομέρειες βιβλιογραφικής εγγραφής
Κύριος συγγραφέας: RAMANUNNI, K P
Μορφή: Printed Book
Έκδοση: KOTTAYAM, D C BOOKS 2012
Θέματα:
LEADER 004850000a22001450004500
082 |a 894.8123 RAM/JE 
100 |a RAMANUNNI, K P  |f Author 
245 |a JEEVITHATHINTE PUSTHAKAM (MALAYALAM) 
260 |a KOTTAYAM, D C BOOKS 
260 |c 2012 
300 |a pages 486 
650 |a NUVEL (MALAYALAM) 
942 |c BK 
999 |c 167274  |d 167274 
952 |0 0  |1 0  |4 0  |6 894_812300000000000_RAM_JE  |7 0  |9 170988  |a KAUCOAP  |b KAUCOAP  |d 2013-07-24  |l 1  |o 894.8123 RAM/JE  |p KAU_COAP08438  |r 2018-09-14  |s 2018-09-14  |w 2013-07-24  |y BK